000 00907cam a22002655a 4500
001 16945225
003 Nust- CAS-E
005 20180118181401.0
008 110902s2011 nyu 000 0 eng
010 _a 2011938016
020 _a9781441988157
040 _aDLC
_cDLC
_dDLC
042 _apcc
082 _a621.32
_bKIT 2011
100 1 _aKittler, Richard.
245 1 0 _aDaylight science and daylighting technology /
_cRichard Kittler.
260 _aNew York :
_bSpringer,
_c2011.
263 _a1109
300 _ap. cm.
856 4 2 _3Publisher description
_uhttp://www.loc.gov/catdir/enhancements/fy1312/2011938016-d.html
856 4 1 _3Table of contents only
_uhttp://www.loc.gov/catdir/enhancements/fy1312/2011938016-t.html
906 _a0
_bibc
_corignew
_d2
_eepcn
_f20
_gy-gencatlg
942 _2ddc
_cBK
999 _c355425
_d355425